La documentación y organización de los datos en la investigación sociológica (Registro nro. 6905)

Detalles MARC
000 -CABECERA
Campo de control interno 01733nam a2200229Ia 4500
008 - ELEMENTOS DE LONGITUD FIJA - INFORMACIÓN GENERAL
Campo de control de longitud fija 260220t1969||||xx |||||||||||||| ||spa||
040 ## - FUENTE DE CATALOGACIÓN
Agencia de catalogación original PY-SlUNAC
Idioma de catalogación spa
Convenciones de descripción rda
041 ## - CÓDIGO DE IDIOMA
Código de idioma para texto/pista de sonido o título separado spa
082 ## - NÚMERO DE CLASIFICACIÓN DECIMAL DEWEY
Clasificación Decimal Dewey (CDD) 301
Clasificación Expansiva de Cutter (EC) D637d
245 #0 - TÍTULO
Título La documentación y organización de los datos en la investigación sociológica
264 ## - PIE DE IMPRENTA
Lugar Madrid :
Editorial CECA,
Año ℗1969.
300 ## - DESCRIPCIÓN FÍSICA
Páginas 1 volumen
520 ## - NOTA DE RESUMEN
Nota de resumen El libro "La documentación y organización de los datos en la investigación sociológica", publicado en 1969 por CECA en Madrid, aborda la importancia fundamental de la gestión adecuada de datos en el ámbito de la sociología. A través de un análisis riguroso, el autor examina las diversas técnicas de recopilación y organización de información, enfatizando cómo estas prácticas impactan la validez y la fiabilidad de los resultados de investigación. Se discuten metodologías específicas para la clasificación y el almacenamiento de datos, así como la utilización de herramientas documentales que facilitan el acceso y la interpretación de la información. Además, el texto explora el papel de la tecnología en la modernización de estos procesos, anticipando cambios que se han vuelto relevantes en la investigación contemporánea. En conjunto, la obra sirve como una guía esencial para investigadores sociológicos, proporcionando un marco teórico y práctico que promueve una mayor rigurosidad y sistematicidad en la investigación social.
653 ## - MATERIA - TÉRMINO TEMÁTICO NO CONTROLADO (PALABRAS CLAVE)
Materia - término temático no controlado (palabras clave) Documentación
653 ## - MATERIA - TÉRMINO TEMÁTICO NO CONTROLADO (PALABRAS CLAVE)
Materia - término temático no controlado (palabras clave) Investigación sociológica
653 ## - MATERIA - TÉRMINO TEMÁTICO NO CONTROLADO (PALABRAS CLAVE)
Materia - término temático no controlado (palabras clave) Organización de datos
942 ## - ELEMENTOS PERSONALIZADOS (KOHA)
Fecha catalogación 2026/02/17
Tipo de documento Libros
Existencias
Fuente de Clasificacion Colección Ubicacion permanente Biblioteca actual Fecha de Ingreso a la Biblioteca Origen de adquisición Código de ubicación Código de barras Tipo de Item KOHA Nota pública
Dewey Decimal Classification Colección General (CG) Biblioteca e Internet, Facultad de Ciencias Exactas y Naturales Biblioteca e Internet, Facultad de Ciencias Exactas y Naturales 02/20/2026 Donación 301 D637d CG265 Libros Material disponible en la Biblioteca e Intenet, Campus UNA, San Lorenzo.